| 000 | 00424nam a22001697a 4500 | ||
|---|---|---|---|
| 005 | 20200518103935.0 | ||
| 008 | 200518b xxu||||| |||| 00| 0 eng d | ||
| 020 | _a9798189747366 | ||
| 041 | _aeng | ||
| 082 | _a615.33 | ||
| 100 |
_aSiddiqui Dr. Anees Ahmad _95486 |
||
| 245 | _aA Textbook of Medicinal Chemistry I | ||
| 260 |
_aDelhi _bBirla Publication _c2020 |
||
| 300 | _a220 | ||
| 650 |
_aPharmacy _95487 |
||
| 942 | _cBK | ||
| 999 |
_c6260 _d6258 |
||